000 00693nam a2200217Ia 4500
001 1198
003 GE_BSU
008 181216s||||||||xx |||||||||||||| ||und||
040 _cGE_BSU
080 _a574.9(075.8)
100 _aმგელაძე, კ.
245 _aბიოგეოგრაფია
245 _bდამხმ. სახელმძღვანელო პედაგოგ.ინ-ტის. სტუდენტებისათვის
260 _aთბილსი
260 _bგანათლება
260 _c1983
300 _a306 გვ. 21 სმ.
541 _h12 ლ.
653 _aბიოგეოგრაფია
942 _cBK
999 _c35345
_d35345